<?xml version="1.0" encoding="UTF-8"?>
<record
    xmlns:xsi="http://www.w3.org/2001/XMLSchema-instance"
    xsi:schemaLocation="http://www.loc.gov/MARC21/slim http://www.loc.gov/standards/marcxml/schema/MARC21slim.xsd"
    xmlns="http://www.loc.gov/MARC21/slim">

  <leader>00642nam a2200205 a 4500</leader>
  <controlfield tag="001">BRCA_2772</controlfield>
  <controlfield tag="005">20190320203948.0</controlfield>
  <controlfield tag="008">051208s1949----nyua---###---#000-0#eng-u</controlfield>
  <datafield tag="050" ind1=" " ind2="4">
    <subfield code="a">NK835</subfield>
    <subfield code="b">.P46 1949</subfield>
  </datafield>
  <datafield tag="245" ind1="1" ind2="0">
    <subfield code="a">Pennsylvania German Arts and crafts</subfield>
    <subfield code="b">a picture book</subfield>
    <subfield code="c">the Metropolitan Museum of Art.</subfield>
  </datafield>
  <datafield tag="260" ind1=" " ind2=" ">
    <subfield code="a">New York</subfield>
    <subfield code="b">The Museum</subfield>
    <subfield code="c">1949</subfield>
  </datafield>
  <datafield tag="300" ind1=" " ind2=" ">
    <subfield code="a">[4] p.</subfield>
    <subfield code="b">il., [28] l&#xE1;minas</subfield>
    <subfield code="c">26 cm.</subfield>
  </datafield>
  <datafield tag="500" ind1=" " ind2=" ">
    <subfield code="a">AA89</subfield>
  </datafield>
  <datafield tag="650" ind1="1" ind2="4">
    <subfield code="a">Arte popular</subfield>
    <subfield code="9">7800</subfield>
  </datafield>
  <datafield tag="650" ind1="1" ind2="4">
    <subfield code="a">Alemanes en Pennsylvania</subfield>
    <subfield code="9">7801</subfield>
  </datafield>
  <datafield tag="650" ind1="1" ind2="4">
    <subfield code="a">Arte</subfield>
    <subfield code="x">Industria y comercio</subfield>
    <subfield code="9">7236</subfield>
  </datafield>
  <datafield tag="710" ind1="2" ind2=" ">
    <subfield code="a">Metropolitan Museum of Art (Nueva York)</subfield>
    <subfield code="9">7537</subfield>
  </datafield>
  <datafield tag="902" ind1=" " ind2=" ">
    <subfield code="a">GFM</subfield>
  </datafield>
  <datafield tag="942" ind1=" " ind2=" ">
    <subfield code="2">lcc</subfield>
    <subfield code="c">B</subfield>
  </datafield>
  <datafield tag="999" ind1=" " ind2=" ">
    <subfield code="c">2512</subfield>
    <subfield code="d">2512</subfield>
  </datafield>
  <datafield tag="952" ind1=" " ind2=" ">
    <subfield code="0">0</subfield>
    <subfield code="1">0</subfield>
    <subfield code="4">0</subfield>
    <subfield code="7">0</subfield>
    <subfield code="a">BRCA</subfield>
    <subfield code="b">BRCA</subfield>
    <subfield code="d">2008-12-05</subfield>
    <subfield code="i">AA89</subfield>
    <subfield code="l">0</subfield>
    <subfield code="o">NK835 .P46 1949 (AA89)</subfield>
    <subfield code="p">2769</subfield>
    <subfield code="r">2019-03-22 00:00:00</subfield>
    <subfield code="w">2019-03-22</subfield>
    <subfield code="y">B</subfield>
  </datafield>
</record>
